000 00920nam a2200229Ia 4500
999 _c38634
_d38634
001 4826
003 GE_BSU
005 20190813123811.0
008 181216s2012||||ge |||||||||||||| ||geo||
020 _a9789941162299
040 _cGE_BSU
041 _ageo
080 _a821.353.1-32 მ-75
100 _aმიშველაძე, რევაზ
_93537
245 _aრჩეული თხზულებანი ოცდახუთ ტომად ტ.1 /
_cრევაზ მიშველაძე ; რედ. ნათელა თუხარელი.
264 _aთბილისი :
_bსაქართველოს მაცნე ;
_c2012.
300 _a523 გვ. ;
_c22 სმ.
541 _h22ლ.50თ.
653 _aრჩეული თხზულებანი
700 _aთუხარელი ნათელა
_eრედაქტორი
_93538
942 _cBK
_2udc